The life of Hon. William F. Cody, known as Buffalo Bill (Record no. 191068)
[ view plain ]
| 000 -LEADER | |
|---|---|
| fixed length control field | 01719nam a2200421Ia 4500 |
| 082 04 - DEWEY DECIMAL CLASSIFICATION NUMBER | |
| Classification number | 978/.02092 |
| -- | B |
| 100 0# - MAIN ENTRY--AUTHOR NAME | |
| Personal name | Buffalo Bill, |
| 245 14 - TITLE STATEMENT | |
| Title | The life of Hon. William F. Cody, known as Buffalo Bill |
| 260 ## - PUBLICATION, DISTRIBUTION, ETC. (IMPRINT) | |
| Place of publication | Lincoln : |
| Name of publisher | University of Nebraska Press, |
| Year of publication | c2011. |
| 300 ## - PHYSICAL DESCRIPTION | |
| Number of Pages | xlix, 529 p. : |
| Other physical details | ill., maps. |
| 490 1# - SERIES STATEMENT | |
| Series statement | The papers of William F. "Buffalo Bill" Cody |
| 650 #0 - SUBJECT ADDED ENTRY--TOPICAL TERM | |
| Topical Term | Pioneers |
| Topical Term | Scouts (Reconnaissance) |
| Topical Term | Frontier and pioneer life |
| 700 1# - ADDED ENTRY--PERSONAL NAME | |
| Personal name | Christianson, Frank. |
| 856 40 - ELECTRONIC LOCATION AND ACCESS | |
| Uniform Resource Identifier | http://site.ebrary.com/lib/rucke/Doc?id=10559296 |
No items available.
